• 首页
  • 本馆介绍
  • 公告通知
  • 最新文献
  • 馆藏检索
  • 电子资源
  • 读者导购
  • 参考咨询
  • 我的图书馆
  • 登录
  • 详细信息显示
  • 放入我的书架
  • 预约/预借图书
  • 作者相关作品
  • 分类相关作品
  • 丛书相关作品
  • 出版社相关作品

书目信息

  • 表格格式
  • 工作单格式
  • 卡片格式
题名:
西班牙
    
 
作者: 吴焕 编著
分册:  
出版信息: 北京   中国建筑工业出版社  2021
页数: 383页
开本: 20cm
丛书名:
单 册:
中图分类: TU-865.51 , TU-86
科图分类:
主题词: 建筑艺术--介绍--西班牙
电子资源:
ISBN: 978-7-112-23032-7
000 00985nam0 2200253 450
001 2274445236
005 20221008204252.51
010    @a978-7-112-23032-7@dCNY98.00
100    @a20210513d2021 em y0chiy50 ea
101 0  @achi@eeng
102    @aCN@b110000
105    @aab z 001yy
200 1  @a西班牙@9xi ban ya@dSpain@f吴焕编著@zeng
210    @a北京@c中国建筑工业出版社@d2021
215    @a383页@c图,照片,地图@d20cm
300    @a世界建筑旅行地图
330    @a本书选取西班牙古罗马时期(8世纪以前),西班牙阿拉伯文化融合期9-14世纪,西班牙文艺复兴15-18世纪,近代建筑18-20世纪,及当代(2000年至今/21世纪)建筑大师代表作品(含建筑及景观作品)约300个,作为线索,配以地图、交通信息和简介,辅以建筑图片,形成对西班牙代表性建筑的探寻,成为了解、探访西班牙建筑的指南手册。
510 1  @aSpain@zeng
606 0  @a建筑艺术@x介绍@y西班牙
690    @aTU-865.51@v5
690    @aTU-86@v4
701  0 @a吴焕@9wu huan@f(1982-)@4编著
801  0 @aCN@b91MARC@c20210519
905    @aZUCC@dTU-86@e5
    
    西班牙=Spain/吴焕编著.-北京:中国建筑工业出版社,2021
    383页:图,照片,地图;20cm
    世界建筑旅行地图
    
    ISBN 978-7-112-23032-7:CNY98.00
    本书选取西班牙古罗马时期(8世纪以前),西班牙阿拉伯文化融合期9-14世纪,西班牙文艺复兴15-18世纪,近代建筑18-20世纪,及当代(2000年至今/21世纪)建筑大师代表作品(含建筑及景观作品)约300个,作为线索,配以地图、交通信息和简介,辅以建筑图片,形成对西班牙代表性建筑的探寻,成为了解、探访西班牙建筑的指南手册。
●
相关链接 在五车中查询图书 在当当中查询图书 在豆瓣中查询图书


正题名:西班牙     索取号:TU-86/5         预约/预借

序号 登录号 条形码 馆藏地/架位号 状态 备注
1 2000913523   2000913523   第三书库/ [索取号:TU-86/5] 在馆    
2 2000913524   2000913524   第三书库/ [索取号:TU-86/5] 在馆    
3 2000913525   2000913525   第三书库/ [索取号:TU-86/5] 在馆    
山东省滨州职业学院图书馆 欢迎您!
大连网信软件有限公司© 版权所有